000 00665nam a2200229Ia 4500
003 OSt
005 20220923212050.0
006 a|||||r|||| 00| 0
007 ta
008 220922b |||||||| |||| 00| 0 hin d
024 _a150,471
037 _cTextual
040 _aARTS
_cARTS
_bhin
041 _2hin
_ahin
082 _aB92, 152J8
100 _aचटर्जी, बसन्तकुमार, संपा.
_9156505
245 0 _aचन्द्रलोक
246 _aChandraloka
260 _c1958
942 _hB92, 152J8
_cTEXL
_2CC
999 _c306151
_d306151